000 01175cam a22003617a 4500
003 CHAP
005 20220329143015.0
008 050725d1999 es r 00110 spa d
010 _a90571
011 _a91543
020 _a8492347848
035 _a102102
040 _cCHAP
082 0 4 _a371.01
_bA5 1999
100 0 0 _aAngulo Rasco, Felix.
_95830
245 1 0 _aEscuela pública y sociedad neoliberal
_c/por Félix Angulo Rasco [y otros]
250 _a2 ed.
260 _aMadrid :
_bNiño y Dávila Editores,
_c1999
300 _a173 p.
490 0 _aColección educación, crítica & debate
590 _aBATCH-UPD
_b10
_c20130110
_lUCH01
_h1248
590 _aBATCH-UPD
_b10
_c20130410
_lUCH01
_h0811
590 _aBATCH-UPD
_b10
_c20130914
_lUCH01
_h1004
590 _aCONVERSION
_b10
_c20130109
_lUCH01
_h1350
650 1 4 _aEducación pública
_935585
650 1 4 _aNeoliberalismo.
_980855
650 1 4 _aPolítica educativa.
_990539
830 0 0 _aColección educación, crítica & debate
_924840
901 _aBK
905 _aMarco A. Mendoza T.
942 _cLIBRO
949 _a371.01 A5 1999
_bBC
_cLIBRO
_d33724000952263
_eLIBRO
_gI.c/e
_h106263
_i102102
_sb
_t$148.00
999 _c90571
_d90571